Statistics for Professor Layton and the Curious Village Characters

Click here to take the quiz!

General Stats

  • This quiz has been taken 16 times
  • The average score is 19 of 38

Answer Stats

Hint Character % Correct
Apprentice of the aboveLuke
93%
English gentleman who wears a top hatProfessor Layton
93%
Criminal mastermind who poses as the police inspectorDon Paolo
79%
Stubborn inspector for the policeChelmey
79%
Daughter of the baron who disguises herselfFlora
79%
Robot created to look like the mother of the Reinhold daughterLady Dahlia
79%
Saves overlooked puzzlesGranny Riddleton
71%
Created St. Mystere and all its inhabitants for his daughterBaron Reinhold
64%
Old robot butler of the ReinholdsMatthew
64%
Robot who collapses, making everyone think he's been murderedSimon
57%
Mysterious mustached manStachen
57%
St. Mystere's caretaker who built all the robotsBruno
57%
Man-crazy lady who manages the town's innBeatrice
50%
Fluffy white cat of the Reinhold mother robotClaudia
50%
Has a big appetiteProsciutto
50%
Employed by the Reinholds, has creepy purple lipsRamon
50%
Aspiring writerPercy
50%
Claims to be a detectiveZappone
43%
Adventurer who is always lostPavel
43%
Tall, cowardly guy who stands by the clock towerDeke
43%
Owner of the town restaurantCrouton
43%
Robot nannyIngrid
43%
Answers his own questions when he talksMarco
43%
Wealthy, fat man preoccupied with his financesGordon
43%
Originally created to be a friend for the baronArchibald
36%
Town butcher known for jokes and punsGiuseppe
36%
Loves card gamesMartha
36%
Park stewardSylvain
36%
Regularly visits the town restaurant and likes coinsFlick
36%
Extremely angry guyPauly
36%
Gloomy lady who predicts the futureAgnes
36%
Works the drawbridgeFranco
36%
Manages the town cafe, loves small animalsCrumm
36%
Normal, kind girlLucy
36%
Timid, indecisive old manGerard
36%
Girl who laughs at everyoneAdrea
29%
Sits on a hill and ponders deep thoughtsJarvis
29%
Runs the town hall and "strongly advises" people to do things without his helpRodney
29%

Score Distribution

Percentile by Number Answered

Percent of People with Each Score

Your Score History

You have not taken this quiz